000 01076nam a22003017a 4500
001 BR8001136
003 BR-BrBNA
005 20230928090537.0
007 ta
008 230509b bl.||||| |||| 00| 0 por d
040 _aBR-BrBNA
_bpor
_cBiblioteca Nacional de Agricultura
041 _a(Por)
072 _aH20
_b1845
_b4120
090 _ 1845 BR8001136
100 1 _aUrben, A.F.
110 1 _aUniversidade Federal de Vicosa, MG (Brasil)
_0Tese (Magister Scientiae)
245 1 _aPhytophthora capsici Leonian agente etiologico da murcha de Capsicum annuum L. em Minas Gerais [Pimentao; Fungo; Requeima; Brasil]
246 1 _a[Phytophtora capsici Leonian etiological agent of the Capsicum annuum L. WILT IN Minas Gerais [Black pepper; Fungus; Reburn; Brazil]]
260 3 _aVicosa, MG (Brasil):
_c1980.
300 _a63 p.
500 _a12 illus.; 16 tables; Bibliography p. 56-60 (51 ref.); Summary (Por)
650 _aDoenca de planta
650 _aPimentao
650 _aFungo
650 _aRequeima
909 _a202309
_bLucia
_c55
_dLucia Elande
942 _cBK
999 _c29287
_d29287